| 000 | 00681nam a2200217 u 4500 | ||
|---|---|---|---|
| 005 | 20210223131008.0 | ||
| 008 | 090526s2006 ag r 000 0 spa d | ||
| 020 | _a9507865373 (10 dígitos) | ||
| 020 | _a9789507865374 (13 dígitos) | ||
| 035 | _aUPN01000170643 | ||
| 049 | _aCG | ||
| 050 | 4 |
_aHM571 _bD3.2 |
|
| 100 | 1 | _aDallera, Osvaldo | |
| 245 | 1 | 0 |
_aBreve manual de sociología general / _cOsvaldo Dallera. |
| 260 |
_aBuenos Aires : _bBiblos, _c2006. |
||
| 300 | _a130 p. | ||
| 590 | _a(También localizas un ejemplar en el "Area de Reserva") | ||
| 590 | _aBibliografía Básica (BGTQ), 2010 | ||
| 650 | 4 |
_aSOCIOLOGIA - _xESTUDIO Y ENSEÑANZA _914275 |
|
| 905 | _aLibro | ||
| 999 |
_c142748 _d142748 |
||